Estatísticas para Eleitores do Sacro Império Romano (1792)

Clique aqui para jogar o quiz

Estatísticas Gerais

  • Esse quiz foi jogado 19 vezes
  • A pontuação média é 5 de 8

Estatísticas das Respostas

ElectorAs% Correto
FranciscoRei da {Boémia}
76%
Carlos TeodoroDuque e Eleitor da {Baviera}
71%
Frederico-Augusto IIIEleitor da {Saxónia}
71%
Frederico Guilherme IIEleitor de {Brandemburgo}
71%
Fredrico Carlos JoséArcebispo de {Mainz}
59%
Jorge IIIDuque de Brunsvique-Luneburgo, Eleitor de {Hanôver}
47%
Maximiliano FranciscoArcebispo de {Colónia}
41%
Clementino VenceslauArcebispo de {Tréveris}
41%

Distribuição das Pontuações

Percentil de Números Respondidos

Porcentagem de Pessoas com Cada Pontuação

Sua Pontuação Histórica

Você não jogou esse quiz